000 01655cam a22004574a 4500
001 muse76281
003 MdBmJHUP
005 20210127151331.0
006 m o d
007 cr||||||||nn|n
008 961219r19971967nyu o 00 0 eng d
010 _z 96053944
020 _a9780823282838
020 _z0823217094 (hard)
020 _z0823217108 (pbk.)
020 _z9780823217090
035 _a(OCoLC)1111948496
040 _aMdBmJHUP
_cMdBmJHUP
050 0 4 _aB945.P44
_bP6 1997
082 0 _a191
_221
100 1 _aPotter, Vincent G.
245 1 0 _aCharles S. Peirce
_bOn Norms and Ideals /
_cby Vincent G. Potter ; with a new introduction by Stanley M. Harrison.
264 1 _bFordham University Press,
264 3 _bProject MUSE,
300 _a1 online resource (xxxi, 229 p.)
500 _aOriginally published: [Amherst] : University of Massachusetts Press, 1967.
504 _aIncludes bibliographical references ([. [215]-220) and indexes.
506 0 _aOpen Access
_fUnrestricted online access
_2star
588 _aDescription based on print version record.
600 1 1 _aPeirce, Charles S.
_q(Charles Sanders),
_d1839-1914.
650 0 _aIdeals (Philosophy)
_xHistory.
650 0 _aNorm (Philosophy)
_xHistory.
655 7 _aElectronic books.
_2local
710 2 _aProject Muse.
_edistributor
830 0 _aBook collections on Project MUSE.
856 4 0 _zFull text available:
_uhttps://muse.jhu.edu/book/67377/
999 _c25425
_d25425